Top 15 dei paesi con decessi Covid-19 - 21 settembre - Statistics

Statistiche generali
  • Questo quiz è stato fatto 3 volte
  • Il punteggio medio è 11 su 20
Statistiche sulle risposte
paese % Corretto
Francia
100%
Italia
100%
Regno Unito
100%
Russia
100%
Spagna
100%
Stati Uniti
100%
Argentina
67%
Brasile
67%
Cile
67%
Messico
67%
Perù
67%
Colombia
33%
India
33%
Iran
33%
Svezia
33%
Belgio
0%
Bolivia
0%
Ecuador
0%
Panama
0%
Sudafrica
0%
Nessun quiz corrispondente trovato
Distribuzione punteggi
Percentuale di utenti per punteggio
Percentile per numero di risposta
I tuoi punteggi nel tempo
Non hai fatto questo quiz